000 00263nam a2200085Ia 4500
245 0 _aThe yoga bible : the definitive guide to yoga postures
100 _a BROWN, Christina London, [c.2009]
_995904
942 _cBK
008 210825s9999 xx 000 0 und d
999 _c571034
_d571033